00710nam a2200169 a 4500003000200000005001700002008004100019050003100060100003200091245009400123260009100217300004000308504004100348650007200389651002900461651005000490020250424124216.0050808s19uu xx 00 eng d aPHS HV 6695.E34b.M37 2005 aMartinez, Jessica Nicole J. aThe Effects of the pyramid scam on the lives of its victims /cJessica Nicole J. Martinez aLas Piñas City, Philippines :bSouthville International School and Colleges, c2005. a47 pages :billustrations ;c28 cm. aIncludes bibliographical references. 2Library of Congress Subject HeadingsaPyramid schemeszPhilippines. aFraudxEconomic aspects. aVictims of crimeszPhilippinesxCase studies.